MARC

LEADER 00000nam0a2200000 4500
001 250618
005 20231101232600.0
035 |a (RuTPU)RU\TPU\book\272833 
090 |a 250618 
100 |a 20140214d1988 k y0rusy50 ca 
101 0 |a rus 
102 |a KZ 
105 |a a j 001zy 
200 1 |a Основы автоматизированного расчета деталей методом конечных элементов  |e учебное пособие  |f П. Б, Степанов, М. Р. Нургужин, И. М. Альтер  |g Карагандинский политехнический институт (КарПИ, КарПТИ) 
210 |a Караганда  |c Изд-во КарПТИ  |d 1988 
215 |a 94 с.  |c ил. 
320 |a Библиогр.: с. 90-91. 
606 1 |a Детали машин  |2 stltpush  |3 (RuTPU)RU\TPU\subj\9224  |9 36422 
610 1 |a автоматизированный расчет 
610 1 |a метод конечного элемента 
610 1 |a учебные пособия 
610 1 |a матрицы 
610 1 |a напряжения 
610 1 |a анализ 
610 1 |a прочностные расчеты 
675 |a 621.81:539(075.8)  |v 3 
700 1 |a Степанов  |b П. Б, 
701 1 |a Нургужин  |b М. Р. 
701 1 |a Альтер  |b И. М. 
712 0 2 |a Карагандинский политехнический институт (КарПИ, КарПТИ)  |c (1958-1996)  |2 stltpush  |3 (RuTPU)RU\TPU\col\12631 
801 1 |a RU  |b 63413507  |c 20140214 
801 2 |a RU  |b 63413507  |c 20140327  |g RCR 
942 |c BK